[Event "4NCL Division 4 South"]
[Site "Telford, ENG ENG"]
[Date "2015.11.15"]
[Round "2.99"]
[White "Karia, Rishul"]
[Black "Sweatman, Paul"]
[Result "1-0"]
[WhiteElo "1863"]
[BlackElo "1496"]
[PlyCount "101"]
[EventDate "2015.11.15"]

1. e4 e5 2. Nf3 Nc6 3. d4 d6 4. Bb5 Bd7 5. d5 Nb8 6. Bxd7+ Nxd7 7. O-O Be7 8.
c4 h6 9. Ne1 Nc5 10. Nc3 a6 11. b4 Nd7 12. Nd3 Ngf6 13. f4 O-O 14. fxe5 Nxe5
15. Nxe5 dxe5 16. c5 Qd7 17. Qf3 Qg4 18. Qxg4 Nxg4 19. h3 Nf6 20. Be3 Rac8 21.
Rad1 Ne8 22. Ne2 Nf6 23. Ng3 Bd8 24. a4 c6 25. d6 Nd7 26. Nf5 Bf6 27. Ne7+ Kh8
28. Nxc8 Rxc8 29. g4 Kg8 30. Kg2 Rf8 31. Kg3 g5 32. Rf5 Kg7 33. Kf3 Rh8 34. h4
Kg6 35. h5+ Kg7 36. Rb1 Rb8 37. b5 cxb5 38. axb5 axb5 39. Rxb5 Bd8 40. c6 bxc6
41. Rxb8 Nxb8 42. Rxe5 Kf8 43. Rc5 Ke8 44. Bd4 f6 45. Rf5 Nd7 46. Ke3 Bb6 47.
Bxb6 Nxb6 48. Rxf6 Nd7 49. Rxh6 c5 50. Rh8+ Kf7 51. Rh7+ 1-0

[Event "4NCL Division 4 South"]
[Site "Telford, ENG ENG"]
[Date "2015.11.15"]
[Round "2.99"]
[White "Mallin, Lara"]
[Black "Dickson, George"]
[Result "0-1"]
[WhiteElo "1547"]
[BlackElo "2022"]
[PlyCount "72"]
[EventDate "2015.11.15"]

1. e4 e5 2. Nc3 Nf6 3. g3 d5 4. exd5 Nxd5 5. Bg2 Nxc3 6. bxc3 Bd6 7. Ne2 O-O 8.
O-O c6 9. d4 Be6 10. Be3 Qa5 11. a4 Bd5 12. Bxd5 Qxd5 13. Qd3 e4 14. Qd1 Nd7
15. Nf4 Bxf4 16. Bxf4 Qc4 17. Qd2 f5 18. a5 Nf6 19. Rab1 Rf7 20. f3 exf3 21.
Rxf3 Ne4 22. Qd3 Qa2 23. Rb4 Qxa5 24. Qc4 Qd5 25. Qxd5 cxd5 26. Rb5 Rd8 27. Rb4
Rc8 28. Ra4 Nxc3 29. Rxa7 Ne2+ 30. Kf1 Nxd4 31. Rd3 Nc6 32. Ra4 b5 33. Ra1 d4
34. Re1 h6 35. Be5 Nb4 36. Bxd4 Nxd3 0-1

[Event "4NCL Division 4 South"]
[Site "Telford, ENG ENG"]
[Date "2015.11.15"]
[Round "2.99"]
[White "Feavyour, John A"]
[Black "Hung, Dylan"]
[Result "1-0"]
[WhiteElo "1990"]
[BlackElo "1540"]
[PlyCount "91"]
[EventDate "2015.11.15"]

1. d4 d5 2. c4 c6 3. Nf3 Nf6 4. Nc3 e6 5. e3 Nbd7 6. Bd3 dxc4 7. Bxc4 b5 8. Bd3
a6 9. O-O Be7 10. Bd2 O-O 11. Rc1 Bb7 12. Re1 c5 13. Qe2 c4 14. Bb1 Nb6 15. e4
b4 16. Nd1 a5 17. e5 Nfd5 18. Qe4 Nf6 19. Qxb7 Nfd5 20. Ne3 Rc8 21. Nxd5 Nxd5
22. Be4 c3 23. bxc3 bxc3 24. Be3 Ba3 25. Qb1 h6 26. Bxd5 Bxc1 27. Rxc1 Qxd5 28.
h3 Rc7 29. Kh2 Rfc8 30. Rc2 Rb7 31. Qc1 Qc6 32. Ne1 a4 33. Nd3 Qc4 34. Nc5 Rb6
35. Rxc3 Qxa2 36. Ra3 Qd5 37. Rxa4 Qc6 38. Qa1 Kf8 39. Qa3 Kg8 40. Ra7 Rc7 41.
Rxc7 Qxc7 42. Ne4 f5 43. Nd6 Rc6 44. Qa8+ Kh7 45. Qe8 Rc2 46. Qxe6 1-0

[Event "4NCL Division 4 South"]
[Site "Telford, ENG ENG"]
[Date "2015.11.15"]
[Round "2.99"]
[White "Balouka-Myers, Toby"]
[Black "Calvert, D Ian"]
[Result "0-1"]
[WhiteElo "1442"]
[BlackElo "1986"]
[PlyCount "92"]
[EventDate "2015.11.15"]

1. c4 Nf6 2. g3 c6 3. Bg2 d5 4. Nc3 g6 5. e4 dxe4 6. Nxe4 Nxe4 7. Bxe4 Bg7 8.
Ne2 e5 9. O-O O-O 10. b3 f5 11. Bg2 e4 12. Rb1 Be6 13. Nf4 Bf7 14. Qc2 Nd7 15.
d3 exd3 16. Qxd3 Ne5 17. Qxd8 Rfxd8 18. Bb2 Nd3 19. Bxg7 Kxg7 20. Nxd3 Rxd3 21.
Rbd1 Rad8 22. Rxd3 Rxd3 23. Re1 Kf6 24. h4 a5 25. Kf1 b5 26. cxb5 cxb5 27. Ke2
Rc3 28. Kd2 b4 29. Rc1 Rxc1 30. Kxc1 h6 31. Kd2 g5 32. hxg5+ hxg5 33. Kd3 Ke5
34. f3 f4 35. g4 Kd5 36. Bh1 Bg6+ 37. Kd2 Kd4 38. Bg2 Bb1 39. Bf1 Bxa2 40. Kc2
Ke3 41. Bc4 Kxf3 42. Be6 Kg3 43. Kd2 a4 44. Kd3 Bxb3 45. Bxb3 axb3 46. Kd2 f3
0-1

[Event "4NCL Division 4 South"]
[Site "Telford, ENG ENG"]
[Date "2015.11.15"]
[Round "2.99"]
[White "Ukken, Somton"]
[Black "Balouka-Myers, Raphael"]
[Result "1-0"]
[WhiteElo "1894"]
[BlackElo "1420"]
[PlyCount "61"]
[EventDate "2015.11.15"]

1. d4 Nf6 2. c4 g6 3. Nc3 d6 4. e4 Bg7 5. Bd3 O-O 6. Nge2 Qe8 7. O-O Nc6 8. h3
e5 9. d5 Ne7 10. Be3 h5 11. Qd2 Nh7 12. Bh6 f5 13. Bxg7 Kxg7 14. Nb5 Qd8 15.
exf5 gxf5 16. f4 a6 17. Nbc3 e4 18. Bc2 Rf6 19. Kf2 Rg6 20. Rg1 Qe8 21. Raf1 c6
22. g4 hxg4 23. hxg4 fxg4 24. Bxe4 Rh6 25. Rh1 Rxh1 26. Rxh1 Nf6 27. Qd4 Kf7
28. Ng3 Nxe4+ 29. Ncxe4 Nf5 30. Qf6+ Kg8 31. Rh8# 1-0

[Event "4NCL Division 4 South"]
[Site "Telford, ENG ENG"]
[Date "2015.11.15"]
[Round "2.99"]
[White "Krikler, George"]
[Black "Collins, Jonathan"]
[Result "0-1"]
[WhiteElo "1360"]
[BlackElo "1889"]
[PlyCount "93"]
[EventDate "2015.11.15"]

1. e4 Nc6 2. d4 e5 3. dxe5 Nxe5 4. Nc3 c6 5. Bf4 Qf6 6. Bxe5 Qxe5 7. Nf3 Qa5 8.
a3 Nf6 9. Bd3 d6 10. O-O Bg4 11. Be2 Be7 12. Qd3 Nd7 13. h3 Bh5 14. Rfe1 Qb6
15. Qd4 Bg6 16. Qxb6 axb6 17. Bd3 Nc5 18. Rac1 Nxd3 19. cxd3 O-O-O 20. d4 Kb8
21. d5 Bf6 22. dxc6 bxc6 23. b4 Rhe8 24. a4 Bxc3 25. Rxc3 Rxe4 26. Rxe4 Bxe4
27. Ng5 Bd5 28. Re3 h6 29. Nf3 c5 30. bxc5 bxc5 31. Rd3 Bxf3 32. Rxf3 Rd7 33.
Kf1 Re7 34. Re3 Rxe3 35. fxe3 Kb7 36. Ke2 d5 37. Kd2 f5 38. g3 h5 39. Kd3 Ka6
40. Kc3 Ka5 41. Kb3 g5 42. h4 g4 43. Kc2 Kxa4 44. Kb2 Kb4 45. Kc2 Kc4 46. Kd2
Kb3 47. Kc1 0-1

[Event "4NCL Division 4 South"]
[Site "Telford, ENG ENG"]
[Date "2015.11.15"]
[Round "2.99"]
[White "Kenning, Paul H"]
[Black "Krikler, Alex"]
[Result "1-0"]
[WhiteElo "1866"]
[BlackElo "1075"]
[PlyCount "29"]
[EventDate "2015.11.15"]

1. e4 b6 2. d4 Bb7 3. Nc3 e6 4. Bd3 Nf6 5. Nge2 c5 6. dxc5 Bxc5 7. O-O O-O 8.
e5 Nd5 9. Nxd5 Bxd5 10. Nc3 Bb7 11. Qg4 h6 12. Bxh6 g6 13. Bxg6 Kh8 14. Bg5 Qe8
15. Qh5+ 1-0

[Event "4NCL Division 4 South"]
[Site "Telford, ENG ENG"]
[Date "2015.11.15"]
[Round "2.99"]
[White "Gregory, Andrew M"]
[Black "Mallin, Max"]
[Result "1-0"]
[WhiteElo "1979"]
[BlackElo "1750"]
[PlyCount "71"]
[EventDate "2015.11.15"]

1. d4 Nf6 2. Nf3 g6 3. g3 d5 4. Bg2 Bg7 5. O-O O-O 6. Nbd2 Nbd7 7. c4 c6 8. Re1
Ne4 9. Nxe4 dxe4 10. Ng5 Nf6 11. e3 h6 12. Nxe4 Nxe4 13. Bxe4 Qc7 14. b3 h5 15.
Rb1 Bg4 16. Qc2 Qa5 17. Bd2 Qg5 18. h4 Qf6 19. f4 Rad8 20. b4 Qd6 21. c5 Qd7
22. Bc3 Be6 23. a4 a6 24. Kh2 Qe8 25. Qb2 f6 26. b5 axb5 27. axb5 Bd7 28. bxc6
bxc6 29. Qa2+ Kh8 30. Rb7 e5 31. Bg2 Ra8 32. Qb2 exf4 33. exf4 Qd8 34. Qb6 Re8
35. Qxd8 Raxd8 36. Rxd7 1-0

[Event "4NCL Division 4 South"]
[Site "Telford, ENG ENG"]
[Date "2015.11.15"]
[Round "2.99"]
[White "Balouka Myers, Gabriel"]
[Black "Taylor, William J"]
[Result "0-1"]
[WhiteElo "1810"]
[BlackElo "1957"]
[PlyCount "60"]
[EventDate "2015.11.15"]

1. Nf3 Nf6 2. g3 g6 3. d4 Bg7 4. c4 O-O 5. Bg2 d6 6. Nc3 Nc6 7. e3 Re8 8. h3 a6
9. d5 Na5 10. Qe2 c5 11. O-O b5 12. cxb5 axb5 13. Rd1 Nb3 14. Rb1 Nxc1 15.
Rbxc1 b4 16. Nb1 Rxa2 17. e4 Nd7 18. Rc2 Ba6 19. Qe3 Rxb2 20. Rxb2 Bxb2 21. Qb3
Bg7 22. Nfd2 Qa5 23. Nc4 Bxc4 24. Qxc4 Nb6 25. Qc2 c4 26. Nd2 b3 27. Qc1 Qb4
28. Bf1 c3 29. Nf3 c2 30. Re1 Rc8 0-1

[Event "4NCL Division 4 South"]
[Site "Telford, ENG ENG"]
[Date "2015.11.15"]
[Round "2.99"]
[White "Davies, Matthew"]
[Black "Karia, Kamlesh"]
[Result "1-0"]
[WhiteElo "1950"]
[BlackElo "1675"]
[PlyCount "87"]
[EventDate "2015.11.15"]

1. d4 d5 2. c4 c6 3. Nf3 e6 4. Nc3 Nf6 5. e3 Nbd7 6. Qc2 Be7 7. b3 dxc4 8. bxc4
a6 9. Bd3 b5 10. c5 Qc7 11. Bb2 a5 12. O-O b4 13. Nb1 Ba6 14. Nbd2 Bxd3 15.
Qxd3 O-O 16. Nc4 Rfd8 17. Qc2 Nf8 18. a3 Ng6 19. Bc1 Nd7 20. Bd2 Rab8 21. Rab1
Rb7 22. axb4 axb4 23. Bxb4 Rdb8 24. Ba5 Qc8 25. Nb6 Nxb6 26. Bxb6 Bd8 27. Bxd8
Qxd8 28. Rxb7 Rxb7 29. Rb1 Ra7 30. h3 h6 31. Qb3 Qd7 32. Qb8+ Kh7 33. h4 f6 34.
h5 Ne7 35. Nd2 Nd5 36. Nc4 Nc3 37. Rb3 Nb5 38. Nd6 Ra1+ 39. Kh2 e5 40. Qe8 Qg4
41. Qg6+ Qxg6 42. hxg6+ Kxg6 43. Nxb5 cxb5 44. d5 1-0

[Event "4NCL Division 4 South"]
[Site "Telford, ENG ENG"]
[Date "2015.11.15"]
[Round "2.99"]
[White "Balouka Myers, Reuben"]
[Black "Staniforth, Matthew"]
[Result "0-1"]
[WhiteElo "1653"]
[BlackElo "1868"]
[PlyCount "42"]
[EventDate "2015.11.15"]

1. e4 c6 2. c4 d6 3. d4 e5 4. dxe5 dxe5 5. Qxd8+ Kxd8 6. Be3 Be6 7. Nc3 Nd7 8.
O-O-O Kc7 9. g3 Rd8 10. Nh3 f6 11. f4 Ne7 12. b3 Nc8 13. Bg2 Bb4 14. Kb2 Nd6
15. fxe5 Nxe5 16. Bxa7 b6 17. Na4 Nc8 18. Nf4 Bg4 19. Rxd8 Rxd8 20. c5 b5 21.
a3 Nxa7 0-1

[Event "4NCL Division 4 South"]
[Site "Telford, ENG ENG"]
[Date "2015.11.15"]
[Round "2.99"]
[White "Smith, Steve"]
[Black "Willmoth, Harrison"]
[Result "1-0"]
[WhiteElo "1847"]
[BlackElo "1675"]
[PlyCount "163"]
[EventDate "2015.11.15"]

1. e4 d6 2. d4 Nf6 3. Nc3 c6 4. Nf3 Bg4 5. Be2 e6 6. O-O Be7 7. Be3 O-O 8. Nd2
Bxe2 9. Qxe2 d5 10. e5 Nfd7 11. Qg4 Kh8 12. f4 f5 13. exf6 Rxf6 14. Rae1 Nf8
15. f5 exf5 16. Rxf5 Rxf5 17. Qxf5 Nbd7 18. Nf3 Bf6 19. Bg5 Bxg5 20. Nxg5 Qf6
21. Qxf6 Nxf6 22. Re7 N6d7 23. Ne2 h6 24. Nf7+ Kh7 25. Nd6 Kg6 26. Nf4+ Kg5 27.
g3 g6 28. h4+ Kg4 29. Kg2 g5 30. hxg5 Kxg5 31. Rf7 h5 32. Rf5+ Kh6 33. Rxh5+
Kg7 34. Rg5+ Kf6 35. Rh5 Ke7 36. Nf5+ Kf7 37. Rh6 Nf6 38. Nd3 Ng6 39. Nd6+ Kg7
40. Rh1 b6 41. Re1 Rd8 42. Nf5+ Kf7 43. Ne5+ Nxe5 44. Rxe5 Rd7 45. Re1 Rc7 46.
Nd6+ Kg6 47. Ne8 Nxe8 48. Rxe8 Kf7 49. Re5 Rc8 50. c3 b5 51. Re1 a5 52. a3 b4
53. cxb4 axb4 54. a4 b3 55. a5 c5 56. dxc5 Rxc5 57. Kf3 Rxa5 58. Re3 Rb5 59.
Ke2 Kf6 60. Kd3 Kf5 61. Kd4 Kg4 62. Rc3 Kf5 63. Rc5 Rxc5 64. g4+ Kxg4 65. Kxc5
Kf5 66. Kxd5 Kf6 67. Kc4 Ke7 68. Kxb3 Kd7 69. Kb4 Kc8 70. Kb5 Kc7 71. b4 Kb8
72. Kc6 Ka8 73. Kb6 Kb8 74. b5 Kc8 75. Ka7 Kd7 76. b6 Kc6 77. b7 Kc5 78. b8=Q
Kc6 79. Qe5 Kd7 80. Kb6 Kd8 81. Kc6 Kc8 82. Qc7# 1-0

[Event "4NCL Division 4 South"]
[Site "Telford, ENG ENG"]
[Date "2015.11.15"]
[Round "2.99"]
[White "Karia, Devin"]
[Black "Griffiths, Hywel"]
[Result "0-1"]
[WhiteElo "1608"]
[BlackElo "1836"]
[PlyCount "122"]
[EventDate "2015.11.15"]

1. d4 Nf6 2. Nf3 g6 3. Bf4 Bg7 4. e3 d5 5. h3 O-O 6. c4 c6 7. Nc3 Nbd7 8. Be2
Re8 9. O-O Nb6 10. c5 Nbd7 11. b4 Nh5 12. Bh2 e5 13. dxe5 Nxe5 14. Rc1 Nxf3+
15. Bxf3 Nf6 16. Re1 Bf5 17. Bd6 Qd7 18. Ne2 Ne4 19. Bxe4 Bxe4 20. Nd4 g5 21.
Qg4 Qxg4 22. hxg4 a5 23. b5 Bxd4 24. exd4 cxb5 25. Be5 Re6 26. Re2 Bd3 27. Re3
Bc4 28. Rc2 Rae8 29. Ra3 a4 30. f3 f6 31. Bc7 Re2 32. Rxe2 Rxe2 33. Ba5 Bxa2
34. Bb4 Bc4 35. Bc3 Kf7 36. Bb4 Ke6 37. Kh2 Bb3 38. Ra1 Kd7 39. Rc1 Ke6 40. Kg3
Bc4 41. Re1 Rxe1 42. Bxe1 a3 43. Bc3 a2 44. Kf2 b4 45. Bb2 Kd7 46. Ke1 Kc6 47.
Kd2 Bf1 48. g3 Kb5 49. f4 Kc4 50. Kc2 b3+ 51. Kd2 Bh3 52. fxg5 fxg5 53. Ba1
Bxg4 54. Ke3 h5 55. Kd2 h4 56. Ke3 hxg3 57. Bb2 g2 58. Kf2 Kd3 59. Kxg2 Kc2 60.
Kg3 Kxb2 61. Kxg4 Kc2 0-1

[Event "4NCL Division 4 South"]
[Site "Telford, ENG ENG"]
[Date "2015.11.15"]
[Round "2.35"]
[White "Sheremetyeva, Elizaveta"]
[Black "Jones, Robert L"]
[Result "1/2-1/2"]
[WhiteElo "1757"]
[BlackElo "1841"]
[PlyCount "76"]
[EventDate "2015.11.15"]

1. e4 e6 2. d4 d5 3. e5 c5 4. c3 Nc6 5. Nf3 Qb6 6. a3 c4 7. Nbd2 f6 8. b3 cxb3
9. Nxb3 fxe5 10. Nxe5 Nxe5 11. dxe5 Bd7 12. Be3 Qc7 13. Bd4 Ba4 14. Bd3 Ne7 15.
O-O Nc6 16. Qh5+ Qf7 17. Qxf7+ Kxf7 18. Nd2 Be7 19. f4 Nxd4 20. cxd4 g6 21. g4
Bd7 22. f5 gxf5 23. gxf5 exf5 24. Bxf5 Bxf5 25. Rxf5+ Ke6 26. Rf3 Rag8+ 27. Kh1
Rf8 28. Raf1 Rxf3 29. Rxf3 Rf8 30. Rh3 Rf4 31. Rd3 h5 32. a4 b6 33. Kg2 h4 34.
h3 Bb4 35. Nf3 Kf5 36. Kf2 Be7 37. Ke2 Re4+ 38. Kf2 Ke6 1/2-1/2

[Event "4NCL Division 4 South"]
[Site "Telford, ENG ENG"]
[Date "2015.11.15"]
[Round "2.38"]
[White "Balakrishnan, Kathirvel"]
[Black "Idle, Oscar"]
[Result "0-1"]
[WhiteElo "1535"]
[BlackElo "1765"]
[PlyCount "98"]
[EventDate "2015.11.15"]

1. d4 Nf6 2. c4 e6 3. Nf3 Bb4+ 4. Bd2 Qe7 5. a3 Bxd2+ 6. Nbxd2 d5 7. e3 O-O 8.
cxd5 exd5 9. Bd3 Bg4 10. Qc2 Re8 11. Ne5 Bh5 12. h3 c6 13. g4 Bg6 14. Nxg6 fxg6
15. O-O-O Nbd7 16. Rde1 Rac8 17. Qd1 c5 18. Kb1 c4 19. g5 cxd3 20. gxf6 Qxf6
21. Rh2 Rc2 22. Qf3 Rxd2 23. Qxd5+ Qe6 24. Qa5 Rc2 25. Rc1 Qb3 26. Rxc2 Qxc2+
27. Ka2 d2 28. Rh1 d1=Q 29. Rxd1 Qxd1 30. Qd5+ Kf8 31. Qxd7 Qf3 32. Qd6+ Kg8
33. Qh2 Rf8 34. Kb3 Qxf2 35. Qxf2 Rxf2 36. Kc3 Kf7 37. b4 Ke6 38. Kc4 Rf3 39.
d5+ Ke5 40. e4 Re3 41. d6 Kxd6 42. h4 Rxe4+ 43. Kb5 Rxh4 44. a4 b6 45. a5 bxa5
46. Kxa5 g5 47. b5 Kc5 48. Ka6 Ra4+ 49. Kb7 Kxb5 0-1

[Event "4NCL Division 4 South"]
[Site "Telford, ENG ENG"]
[Date "2015.11.15"]
[Round "2.41"]
[White "Riley, Adrian K"]
[Black "Collicott, Peter J"]
[Result "1/2-1/2"]
[WhiteElo "1595"]
[BlackElo "1495"]
[PlyCount "42"]
[EventDate "2015.11.15"]

1. Nf3 e6 2. d4 f5 3. g3 Nf6 4. Bg2 d5 5. c4 c6 6. cxd5 exd5 7. O-O Bd6 8. e3
O-O 9. Ne5 Bd7 10. Nd2 Be8 11. Nd3 Nbd7 12. a4 Ne4 13. Qb3 Qb6 14. Bxe4 Qxb3
15. Nxb3 fxe4 16. Ndc5 b6 17. Nxd7 Bxd7 18. Bd2 a5 19. Rfc1 Rac8 20. Be1 Rf6
21. Rc2 Bc7 1/2-1/2

[Event "4NCL Division 4 South"]
[Site "Telford, ENG ENG"]
[Date "2015.11.15"]
[Round "2.33"]
[White "Szymanski, Mark"]
[Black "Fowler, David"]
[Result "1-0"]
[WhiteElo "1864"]
[BlackElo "1906"]
[PlyCount "81"]
[EventDate "2015.11.15"]

1. d4 d5 2. Nf3 Nf6 3. e3 e6 4. Bd3 c5 5. c3 Nbd7 6. Nbd2 Qc7 7. O-O Bd6 8. Re1
O-O 9. e4 dxe4 10. Nxe4 Nxe4 11. Bxe4 Nf6 12. Bc2 cxd4 13. cxd4 b6 14. Bg5 Nd5
15. Rc1 Qb8 16. Ne5 Bxe5 17. dxe5 f5 18. exf6 gxf6 19. Bxh7+ Kxh7 20. Qh5+ Kg8
21. Qg6+ Kh8 22. Bd2 Qb7 23. Re4 Qg7 24. Rh4+ Kg8 25. Qh5 f5 26. Rh3 Nf6 27.
Qe2 Kf7 28. Rc7+ Bd7 29. Bc3 Rfd8 30. Re3 Qg5 31. Qd1 Nd5 32. Rg3 Qxg3 33. hxg3
Nxc7 34. Qh5+ Ke7 35. Bb4+ Kf6 36. Qh6+ Ke5 37. Qf4+ Kd5 38. Qxc7 Rac8 39. Qd6+
Kc4 40. Bc3 Kb5 41. Bf6 1-0

[Event "4NCL Division 4 South"]
[Site "Telford, ENG ENG"]
[Date "2015.11.15"]
[Round "2.36"]
[White "Lees, Fraser A"]
[Black "Woodward, Vivian"]
[Result "1-0"]
[WhiteElo "1827"]
[BlackElo "1701"]
[PlyCount "79"]
[EventDate "2015.11.15"]

1. d4 Nf6 2. c4 e6 3. Nf3 Bb4+ 4. Bd2 Bxd2+ 5. Nbxd2 d5 6. e3 O-O 7. Bd3 Nc6 8.
a3 Re8 9. Qc2 h6 10. Ne5 Nxe5 11. dxe5 Nd7 12. Nf3 c5 13. Rd1 Qa5+ 14. Kf1 Nb6
15. h4 Bd7 16. g4 Bc6 17. Rh3 Nxc4 18. g5 h5 19. g6 f6 20. exf6 gxf6 21. g7 f5
22. Ng5 Nd6 23. Qe2 Kxg7 24. Rg3 Kh6 25. Nxe6 Rxe6 26. Rg5 Be8 27. Qf3 Rf6 28.
Qf4 Kh7 29. Be2 Ne4 30. Rxf5 Rxf5 31. Qxf5+ Bg6 32. Qd7+ Kh6 33. Qxd5 Rf8 34.
f4 Ng3+ 35. Kf2 Nxe2 36. Qg5+ Kg7 37. Rd6 Nxf4 38. exf4 Rxf4+ 39. Qxf4 Qb5 40.
Qf6+ 1-0

[Event "4NCL Division 4 South"]
[Site "Telford, ENG ENG"]
[Date "2015.11.15"]
[Round "2.39"]
[White "Somton, Anita"]
[Black "Cresswell, Mike J"]
[Result "1/2-1/2"]
[WhiteElo "1474"]
[BlackElo "1784"]
[PlyCount "100"]
[EventDate "2015.11.15"]

1. d4 Nf6 2. c4 c5 3. d5 b5 4. Qc2 b4 5. e4 d6 6. h3 g6 7. Be3 Nbd7 8. Nf3 Bg7
9. Nbd2 O-O 10. Bd3 a5 11. O-O Bb7 12. Rfe1 Qc7 13. Nf1 a4 14. a3 b3 15. Qc1
Ba6 16. Bh6 Rfb8 17. Bxg7 Kxg7 18. Qc3 Kg8 19. Ng3 Ne8 20. e5 Ng7 21. Re3 Bb7
22. exd6 exd6 23. Rae1 Re8 24. Ne4 Nf5 25. R3e2 Qd8 26. Kh2 h5 27. Nxc5 Rxe2
28. Nxb7 Qc7 29. Rxe2 Qxb7 30. Bxf5 gxf5 31. Qe3 Nf8 32. Qg5+ Ng6 33. Qxh5 Qd7
34. Ng5 Nf8 35. Re3 f4 36. Rf3 Qf5 37. g3 fxg3+ 38. Rxg3 Qxf2+ 39. Rg2 Qf4+ 40.
Kh1 Ng6 41. Qh7+ Kf8 42. Ne6+ fxe6 43. Rxg6 Qf1+ 44. Rg1 Qf3+ 45. Kh2 Qf2+ 46.
Rg2 Qf4+ 47. Rg3 Qf2+ 48. Rg2 Qf4+ 49. Rg3 Qf2+ 50. Rg2 Qf4+ 1/2-1/2

[Event "4NCL Division 4 South"]
[Site "Telford, ENG ENG"]
[Date "2015.11.15"]
[Round "2.34"]
[White "Towers, Nigel S"]
[Black "Cole, Graham"]
[Result "1/2-1/2"]
[WhiteElo "1807"]
[BlackElo "1870"]
[PlyCount "54"]
[EventDate "2015.11.15"]

1. e4 c5 2. Nf3 d6 3. d4 cxd4 4. Nxd4 Nf6 5. Nc3 g6 6. g3 Nc6 7. Bg2 Nxd4 8.
Qxd4 Bg7 9. O-O O-O 10. Qd3 Rb8 11. h3 Bd7 12. Be3 a6 13. a4 Qc8 14. g4 Be6 15.
Nd5 Nxd5 16. exd5 Bd7 17. Bd4 Bxd4 18. Qxd4 Qc7 19. c3 Rbc8 20. Rfe1 Rfe8 21.
Re3 Qc5 22. Qf4 Qc7 23. h4 e5 24. dxe6 Bxe6 25. h5 d5 26. Qg5 Qd8 27. Qf4 Rc4
1/2-1/2

[Event "4NCL Division 4 South"]
[Site "Telford, ENG ENG"]
[Date "2015.11.15"]
[Round "2.37"]
[White "Gentry, Alan E"]
[Black "Homolka, Vincent"]
[Result "1/2-1/2"]
[WhiteElo "1753"]
[BlackElo "1812"]
[PlyCount "109"]
[EventDate "2015.11.15"]

1. d4 d5 2. Nf3 e6 3. c4 c5 4. cxd5 exd5 5. Nc3 Nc6 6. g3 Nf6 7. Bg2 Be7 8. O-O
O-O 9. Bg5 c4 10. Qc2 Be6 11. Rad1 Qa5 12. Ne5 Rfd8 13. f4 h6 14. Bxf6 Bxf6 15.
f5 Bc8 16. Nxc6 bxc6 17. Kh1 Rb8 18. e4 dxe4 19. Bxe4 Bxd4 20. Bxc6 Qb6 21. Qg2
Qxb2 22. Qxb2 Rxb2 23. Nd5 Rxd5 24. Bxd5 Bb6 25. Bxc4 Bb7+ 26. Bd5 Bxd5+ 27.
Rxd5 Rxa2 28. Rfd1 Rf2 29. R1d2 Rxd2 30. Rxd2 Kf8 31. Re2 Bc5 32. Kg2 a5 33.
Kf3 a4 34. Ke4 a3 35. Kd5 Be7 36. Kc6 Bf6 37. Kd7 g6 38. fxg6 fxg6 39. Re8+ Kf7
40. Ra8 Bb2 41. Ra6 Bc1 42. Kd6 Kf6 43. Ra4 Bb2 44. Ra5 Kf7 45. g4 Kf6 46. h4
Bc1 47. Kd7 Kf7 48. Ra6 Bb2 49. h5 gxh5 50. gxh5 Bc1 51. Ra5 Bb2 52. Kd6 Kf6
53. Kd5 Kf5 54. Kc4+ Kg4 55. Kb3 1/2-1/2